| 000 | 01303nam a2200289 c 4500 | ||
|---|---|---|---|
| 003 | BLK | ||
| 005 | 20180422120842.0 | ||
| 008 | 180411b bul|||||r ||||||| ||bul|| | ||
| 010 | _aKNG00217132000 | ||
| 040 | _aBLK | ||
| 041 |
_aBUL _cBUL |
||
| 080 |
_aМебелно производство. Тапицерство _b684 _x(075.3) _z684(075.3) |
||
| 100 | 1 |
_aПопова, Ермила Евтимова _eпърви автор _9345132 |
|
| 700 | 1 |
_aХристев, Димитър Иванов _eсъавт. _9384788 |
|
| 700 | 1 |
_aНиколов, Никола Станев _eсъавт. _9345133 |
|
| 139 |
_aПопова, Ермила Евтимова и др. _bП 76 |
||
| 245 | 1 | 0 |
_aТехнологии и машини в мебелното производство _bУчебник за II степен на ЕСПУ _cЕрмила Евтимова Попова; съавт. Димитър Иванов Христев; съавт. Никола Станев Николов. |
| 257 | _aBGR | ||
| 260 |
_аСофия _bЗемиздат _c1986 |
||
| 300 |
_a280 с. _bсъс сх., табл., диагр., 1 л. табл. _c21 см |
||
| 380 | _a62 | ||
| 852 | _aЦб 144122 | ||
| 856 | 4 |
_qpdf _u |
|
| 856 | 4 |
_qpdf _u |
|
| 942 |
_cKNG _n0 |
||
| 944 |
_aCR _c12.03.2018 _kНора_Радева |
||
| 944 |
_aED _c12.03.2018 _kНора_Радева |
||
| 999 |
_c207370 _d207370 |
||